Purgatory Bay. #2 / Bryan Gruley.
Available copies
- 2 of 2 copies available at LARL/NWRL Consortium.
- 2 of 2 copies available at Lake Agassiz Regional Library. (Show preferred library)
Current holds
0 current holds with 2 total copies.
Show Only Available Copies
| Location | Call Number / Copy Notes | Barcode | Shelving Location | Status | Due Date |
|---|---|---|---|---|---|
| McIntosh Public Library | M GRU (Text) | 33500013187026 | Main | Available | - |
| Moorhead Public Library | M GRU (Text) | 33500013187018 | Main | Available | - |
Record details
- ISBN: 9781542016544
- ISBN: 1542016541
- ISBN: 9781542092883
- ISBN: 1542092884
- Physical Description: 315 pages ; 22 cm
- Edition: First edition.
- Publisher: Seattle : Thomas & Mercer, [2020]
- Copyright: ©2020
Content descriptions
| Summary, etc.: | Former reporter Michaela "Mikey" Deming and Bleak ... Read More |
Search for related items by subject
| Genre: | Psychological fiction. Suspense fiction. Thrillers (Fiction) Detective and mystery fiction. |
Search for related items by series
| LDR | 01837cam a2200505Ii 4500 | ||
|---|---|---|---|
| 001 | 335473 | ||
| 003 | LARL_NWRL_CONSORTIUM | ||
| 005 | 20200121204008.0 | ||
| 008 | 190813t20202020wau 000 1 eng d | ||
| 040 | . | ‡aYDX ‡beng ‡erda ‡cYDX ‡dCMI ‡dIK2 ‡dIHV ‡dOCO ‡dSDG ‡dIEP ‡dOCLCO | |
| 020 | . | ‡a9781542016544 ‡q(hardcover) | |
| 020 | . | ‡a1542016541 ‡q(hardcover) | |
| 020 | . | ‡a9781542092883 ‡q(paperback) | |
| 020 | . | ‡a1542092884 ‡q(paperback) | |
| 035 | . | ‡a(OCoLC)1089269897 | |
| 043 | . | ‡an-us-mi | |
| 082 | 0 | 4. | ‡a813/.6 ‡223 |
| 100 | 1 | . | ‡aGruley, Bryan, ‡eauthor. ‡0(LARL_NWRL_CONSORTIUM)186047 |
| 245 | 1 | 0. | ‡aPurgatory Bay. ‡n#2 / ‡cBryan Gruley. |
| 250 | . | ‡aFirst edition. | |
| 264 | 1. | ‡aSeattle : ‡bThomas & Mercer, ‡c[2020] | |
| 264 | 4. | ‡c©2020 | |
| 300 | . | ‡a315 pages ; ‡c22 cm | |
| 336 | . | ‡atext ‡btxt ‡2rdacontent | |
| 337 | . | ‡aunmediated ‡bn ‡2rdamedia | |
| 338 | . | ‡avolume ‡bnc ‡2rdacarrier | |
| 490 | 0 | . | ‡aBleak Harbor ; ‡v2 |
| 520 | . | ‡aFormer reporter Michaela "Mikey" Deming and Bleak Harbor police chief Katya Malone track a woman bent on revenge for the murders of her family members 12 years prior. | |
| 650 | 0. | ‡aPolicewomen ‡zMichigan ‡vFiction. | |
| 650 | 0. | ‡aKidnapping ‡vFiction. ‡0(LARL_NWRL_CONSORTIUM)165838 | |
| 650 | 0. | ‡aRevenge ‡vFiction. ‡0(LARL_NWRL_CONSORTIUM)167017 | |
| 650 | 0. | ‡aMass murder ‡vFiction. ‡0(LARL_NWRL_CONSORTIUM)173241 | |
| 650 | 7. | ‡aFICTION / Mystery & Detective / Police Procedural. ‡2bisacsh | |
| 650 | 7. | ‡aFICTION / Thrillers / Domestic. ‡2bisacsh | |
| 650 | 7. | ‡aFICTION / Thrillers / Suspense. ‡2bisacsh | |
| 655 | 7. | ‡aPsychological fiction. ‡2lcgft | |
| 655 | 7. | ‡aSuspense fiction. ‡2gsafd | |
| 655 | 7. | ‡aThrillers (Fiction) ‡2lcgft | |
| 655 | 7. | ‡aDetective and mystery fiction. ‡2lcgft | |
| 901 | . | ‡a335473 ‡bOCoLC ‡c335473 ‡tbiblio ‡soclc | |

Add to basket
Permalink
Disable Highlighting